Bárány Boldizsár ; Sziget-kék ; Tündér Lala

Bibliographic Details
Main Author: Szabó, Magda, 1917-2007 (Author)
Format: Book
Language:Hungarian
Published: Bratislava Budapest Madách Könyvkiadó Szépirodalmi Könyvkiadó 1983
Series:Szabó Magda művei
Subjects:

MARC

LEADER 00000nam a2200000 a 4500
001 vtls009529526
003 SK-MaSNL
005 20260301171333.0
008 250313s1983 xo d 000 1 hun
020 |q (viazané) 
035 |a 3D08691B-4AF8-4C95-8BD7-B4E07AFB636A 
035 |a urn:nbn:sk:snk-amybx6 
035 |a urn:nbn:sk:snk-am00cff8 
040 |a SNK  |b slo  |c SNK  |e AACR2 
041 0 |a hun 
044 |a xo  |a hu  |c SK  |c HU 
072 7 |a 821.511.1  |x Ugrofínske literatúry  |2 konspekt 
080 |a 821.511.141-1  |2 2001 
080 |a 821.511.141-3  |2 2001 
080 |a (082.2)  |2 2001 
100 1 |a Szabó, Magda,  |d 1917-2007  |4 aut  |9 108763 
245 1 0 |a Bárány Boldizsár ; Sziget-kék ; Tündér Lala  |c Szabó Magda 
260 |a Bratislava  |a Budapest  |b Madách Könyvkiadó  |b Szépirodalmi Könyvkiadó  |c 1983 
300 |a 529 strán  |c 19 cm 
490 1 |a Szabó Magda művei  |v 3 
500 |a Dokument obsahuje 3 diela 
655 7 |a maďarská poézia  |2 SNKPH  |9 70602 
655 7 |a maďarská próza  |2 SNKPH  |9 314524 
655 7 |a výbery  |2 SNKPH  |9 67620 
740 0 2 |a Sziget-kék 
740 0 2 |a Tündér Lala 
830 0 |a Szabó Magda művei  |9 538871 
852 |a Slovenská národná knižnica 
954 |a beletria cudzojazyčná (svetová)  |2 lita 
958 |a OND 
999 |c 830516  |d 832446 
952 |a SNK  |b SNK  |y PREZ  |7 0  |p 17A0625532  |o snkSD 78355  |i snk2009/12723  |8 1  |0 0  |1 0  |4 0  |d 2009-07-13  |f 1  |l 0  |r 2025-11-26 00:00:00  |w 2026-02-24 
952 |a SNK  |b SNK  |y VYP  |7 0  |p 17A1531224  |o snkSD 78355 D1  |i snk2024/7331  |8 7  |0 0  |1 0  |4 0  |d 2024-05-06  |l 0  |r 2026-02-24 03:36:20  |w 2026-02-24